01096 2200373 4500001002100000005001500021035002000036007000300056040001700059100002500076245009100101250002100192300004200213504002500255020002200280041000800302082000800310084001400318090001900332264003000351336002100381337003000402338002300432500002000455650001500475700005600490700003700546850001000583008004100593990002200634990002200656990002200678990002200700INLIS00000000000581120260424105419 a0010-0322000055ta aSBPUPADbind0 aSupramonoePengarang1 aPerpajakan Indonesia :bMekanisme dan Perhitungan /cSupramono + Editor, Rosalana Fiva a,-Ed.II ,-Cet.10 axii, 212 hlm. :billus. ;c20 x 28 cm aBibliografi, hlm 203 a978-979-29-4702-10 aind a336 a336 SUP p a336 SUP p 10-1 aYogyakarta :bAndi,c2015 2rdacontentaTeks 2rdamediaaTanpa Perantara 2rdacarrieravolume aTentang Penulis 4aPerpajakan0 aPengarang ke-2 , Theresia Woro DamayantiePengarang0 aEditor, Rosalana FivaePengarang aPUPAD260424 0  a24.900/B/DPK/2017 a24.998/B/DPK/2017 a24.999/B/DPK/2017 a24.901/B/DPK/2017